| 000 | 01073cam a2200265 a 4500 | ||
|---|---|---|---|
| 001 | 13221604 | ||
| 005 | 20241126125655.0 | ||
| 008 | 030602s2004 cauab 001 0 eng | ||
| 020 | _a9780534408442 | ||
| 020 | _a0534409490 (international student ed.) | ||
| 050 | 0 | 0 |
_aQC23.2 _b.S47 2004b |
| 082 | 0 | 0 |
_a530 _222 |
| 100 | 1 | _aSerway, Raymond A. | |
| 245 | 1 | 0 | _aPhysics for scientists and engineers, with modern physics. |
| 250 |
_a6th ed. / _bRaymond A. Serway, John W. Jewett, Jr. |
||
| 260 |
_aBelmont, CA : _bThomson-Brooks/Cole, _cc2004. |
||
| 300 |
_axxiii, 1552, 64, 4, 28 p. : _bill. (some col.), col. map ; _c29 cm. |
||
| 500 | _aIncludes index. | ||
| 650 | 0 | _aPhysics. | |
| 700 | 1 | _aJewett, John W.,Jr. | |
| 856 | 4 | 2 |
_3Contributor biographical information _uhttp://www.loc.gov/catdir/enhancements/fy1515/2003107780-b.html |
| 856 | 4 | 2 |
_3Publisher description _uhttp://www.loc.gov/catdir/enhancements/fy1515/2003107780-d.html |
| 856 | 4 | 1 |
_3Table of contents only _uhttp://www.loc.gov/catdir/enhancements/fy1515/2003107780-t.html |
| 942 |
_2lcc _cBK _e6th ed. _n0 |
||
| 999 |
_c1563 _d1563 |
||